Guess WWE Wrestlers with the Face Covered - Statistics

General Stats
  • This quiz has been taken 330 times
  • The average score is 14 of 16
Answer Stats
Picture Answer % Correct
John Cena
100%
Randy Orton
98%
The Undertaker
96%
Cody Rhodes
93%
Ric Flair
92%
Edge
90%
Mark Henry
90%
Dean Ambrose
87%
Rhea Ripley
86%
The Rock
86%
Gunther
85%
Naomi
83%
The Great Khali
83%
Seth Rollins
81%
Bayley
80%
Ivory
37%
No matching quizzes found
Score Distribution
Percent of People with Each Score
Percentile by Number Answered
Your Score History
You have not taken this quiz